000 00397nam a22001937a 4500
003 UA-OsUOA
001 1952
007 ta
008 20050721b un ||||| |||| 00| 0 ukr d
100 _aEnrlich
700 _aP. R.
700 _aSagan
700 _aC.
942 _cBK
040 _aUA-OsUOA
_cUA-OsUOA
_dUA-OsUOA
245 _aThe cold and the dark.
_bFiction
955 _a2
650 7 _2UDC
999 _c288114
_d288114